000 00659nam a2200241 i 4500
001 C2-0336938
003 PPAK
005 20180728135811.0
008 160717s2012 cc a|||| ||||| | chi d
020 _a9787510429392
040 _aPPAK
_beng
_cPPAK
_erda
082 0 4 _a895.13
_223
090 0 0 _a895.13
_bLAN
_dG
100 1 _aLan, Yuan Wei,
_eauthor
245 1 0 _aZhui bu lie ai zhi ling
264 1 _aBeijing :
_bXin shi jie chu ban she ,
_c2012
300 _a208 pages :
_billustrations ;
_c23 cm
336 _2rdacontent
_atext
337 _2rdamedia
_aunmediated
338 _2rdacarrier
_avolume
650 1 0 _aChinese fiction.
942 _ddc
_cB
999 _c134657
_d134657